000 00550nam a2200157 a 4500
008 120416s1978 ||||||||||||||||| || u
050 _aJS 244 Ham
100 _aHambleton, Robin
245 1 0 _aPolicy planning and local government
260 _aLondon
_bHutchinson
_c1978
300 _a368p. : ill.
350 _a0.00
650 _aLOCAL GOVERNMENT--POLICY PLANNING
650 _aGOVERNMENT
995 _D0.00
_FCBU-MAIN LIBRARY (Kitwe)
_H1
_I0.00
_M1
_UAVAILABLE
_ZMain Library Open Access Collection
999 _c53867
_d53867